| 000 | 01268cam a2200253 4500 | ||
|---|---|---|---|
| 001 | L135913 | ||
| 008 | 061218u2023 000 0 eng u | ||
| 035 | _a(Sirsi) u135913 | ||
| 041 | 0 | _aeng | |
| 110 | 2 |
_aLeasehold Advisory Service _93510 |
|
| 245 | 0 | 0 |
_aService charges and other issues _h[electronic resource] |
| 260 |
_aLondon _bLeasehold Advisory Service _c- a continually updated resource |
||
| 520 | _aDirected towards leaseholders, including tenant who may pay variable service charges and administration charges. Covers the issues of service charges, administration charges, insurance, ground rent, Estate Management Scheme charges, recognised Tenants' Associations, and forfeiture and possession. | ||
| 590 | _aKA | ||
| 650 | 2 | 4 | _aLANDLORD AND TENANT ACT 1985 |
| 650 | 2 | 4 | _aCOMMONHOLD AND LEASEHOLD REFORM ACT 2002 |
| 650 | 2 | 4 | _aLEASEHOLD REFORM, HOUSING AND URBAN DEVELOPMENT ACT 1993 |
| 650 | 2 | 4 | _aLEASEHOLD REFORM ACT 1967 S19 |
| 650 | 2 | 4 | _aLAW OF PROPERTY ACT 1925 S146 |
| 651 | 4 |
_aEngland and Wales _y1543- |
|
| 690 | _aPROPERTY-LEASEHOLD PROPERTY-LANDLORD AND TENANT-LEASES | ||
| 856 | 4 | 0 |
_uhttps://www.lease-advice.org/advice-guide/service-charges-other-issues/ _zView the item free of charge at www.lease-advice.org... |
| 942 |
_n0 _2ddc |
||
| 999 |
_c106238 _d106238 |
||